00663nam a2200205 a 4500008004100000020002200041100002400063245010300087250001200190260003300202300003400235500007700269500002000346650002600366700001900392700001900411003000100430005001700431040000900448  a0256092370 (hbk.)1 aPrichett, Gordon D.10aMathematics with applications in management and economics /cGordon D. Prichett and John C. Saber. a7th ed. aBurr Ridge :bIrwin,cc1994. axx, 1063 p. :bill. ;c24 cm. aRev. ed. of: Mathematics, with applications in management and economics. aIncludes index. 0aBusiness mathematics.1 aSaber, John C.1 aBowen, Earl K.20230123125436.0 cNUST